000 00637nam a22001457a 4500
999 _c530970
_d530970
008 250722b ||||| |||| 00| 0 eng d
100 _aMenis, Susanna
_955522
245 _aDoing academic careers differently: Portraits of academic life
260 _aSocial & Legal Studies
300 _a34(3), Jun, 2025: p.458-461
520 _aRobinson Sarah, Bristow Alexandraratle Olivier (Eds.), United Kingdom: Taylor & Francis, 2023, 458 pages ISBN 9781032212616, £38 (pbk).- Reproduced https://journals.sagepub.com/doi/abs/10.1177/09646639241280682
773 _aSocial & Legal Studies
906 _aBOOK REVIEW
942 _cAR